000 01814nam a2200385Ia 4500
001 ebr10587167
003 CaPaEBR
006 m u
007 cr cn|||||||||
008 010730s2002 nyuab sb s001 0 eng d
010 _z 2001049332
020 _z0791451313 (alk. paper)
020 _z0791451321 (pbk. : alk. paper)
020 _z9780791451311
020 _z9780791489789
040 _aCaPaEBR
_cCaPaEBR
035 _a(OCoLC)61367494
050 1 4 _aTD812.3.N7
_bP48 2002eb
082 0 4 _a363.72/8953/0974784
_221
100 1 _aPeterson, Thomas Virgil,
_d1943-
245 1 0 _aLinked arms
_h[electronic resource] :
_ba rural community resists nuclear waste /
_cThomas V. Peterson ; photographs by Steve Myers.
260 _aAlbany :
_bState University of New York Press,
_cc2002.
300 _axv, 266 p. :
_bill., maps.
504 _aIncludes bibliographical references (p. 233-252) and index.
533 _aElectronic reproduction.
_bPalo Alto, Calif. :
_cebrary,
_d2011.
_nAvailable via World Wide Web.
_nAccess may be limited to ebrary affiliated libraries.
650 0 _aLow level radioactive waste disposal facilities
_xLocation
_zNew York (State)
_zAllegany County.
650 0 _aLow level radioactive waste disposal facilities
_zNew York (State)
_zAllegany County
_xPublic opinion.
650 0 _aPublic opinion
_zNew York (State)
_zAllegany County.
650 0 _aEnvironmental protection
_zNew York (State)
_zAllegany County
_xCitizen participation.
650 0 _aCivil disobedience
_zNew York (State)
_zAllegany County.
650 0 _aNonviolence
_zNew York (State)
_zAllegany County.
655 7 _aElectronic books.
_2local
710 2 _aebrary, Inc.
856 4 0 _uhttp://site.ebrary.com/lib/rucke/Doc?id=10587167
_zAn electronic book accessible through the World Wide Web; click to view
999 _c108167
_d108167